000 01080cab a2200193 4500
001 ##L135487
008 061030n2006 000 0 eng u
035 _a(Sirsi) u135487
041 0 _aeng
110 2 _aRoyal Institution of Chartered Surveyors
_bPublic Affairs
_94679
245 0 0 _aRICS approves new world class regulatory system
260 _c2006
490 0 _aRICS Website News
_v17 October 2006
520 _aPrinciple-based regulation has received RICS member approval at an Extraordinary General Meeting, with an overwhelming 97% vote in favour of the new way forward for the chartered surveyor profession. The vote is a critical development in the creation of a new arms-length regulatory regime that will mean a sea change for RICS members in the way they are regulated by their professional body.
651 4 _aInternational
690 _aABOUT RICS-RICS PROFESSIONAL REGULATION AND CONSUMER PROTECTION
856 4 0 _uhttps://www.rics.org/RICSWEB/getpage.aspx?p=x4eup66wrE2sE-69zWNE-
_zView the RICS press release free of charge at www.rics.org...
942 _n0
999 _c77907
_d77907